000 00562cam a2200193 4500500
005 20260405001645.0
041 _afre
042 _adc
100 1 0 _aDuru, Martin
_eauthor
245 0 0 _aUne vie de fièvres
260 _c2013.
500 _a70
690 _aBiographie Culpabilité
690 _aMartin Duru
690 _aRussie
690 _aSibérie
786 0 _nPhilosophie magazine | 75 | 12 | 2013-12-01 | p. 51-51 | 1951-1787
856 4 1 _uhttps://shs.cairn.info/magazine-philosophie-magazine-2013-12-page-51?lang=fr&redirect-ssocas=7080
999 _c2049763
_d2049763